Rexwerk /

Kaydedildi:
Detaylı Bibliyografya
Yazar: Rex
Materyal Türü: Kitap
Dil:İngilizce
Baskı/Yayın Bilgisi: Paris Les Pirates Associes Editeur 1986
Etiketler: Etiketle
Etiket eklenmemiş, İlk siz ekleyin!

MARC

LEADER 00000nam a2200000 4500
001 CDOM0000004573
003 mi
005 20250908200423.0
008 250908b |||||||| |||| 00| 0 eng d
020 |a 2906463000 
040 |c mi 
100 |a Rex 
245 1 |a Rexwerk /  |c 50 dessins par Rex 
260 |a Paris  |b Les Pirates Associes Editeur  |c 1986 
300 |a 112 p.  |c ill.  |c 32 cm. 
942 |2 ddc  |c BK 
952 |0 0  |1 0  |2 ddc  |4 0  |6 B_AGF01REXREX11  |7 0  |9 9039  |a MI  |b MI  |d 2010-10-26  |i 1063  |l 0  |o B-AGF01-REX-REX11  |p CDOM1063  |r 2025-07-17 21:50:00  |w 2025-07-17  |x DONO  |y BK 
999 |c 7530  |d 7530